000 01070cam a22002054a 4500
005 20250605164223.0
008 250528s ||||||||||||||||||||||||d
035 _a20735
020 _a71139397
040 _aGR-AtMCL
_bgre
_dGR-AtMCL
_eAACR2
245 1 _aThe Elements of Philosophy / Second Edition
250 _a2nd
260 _bMcgraw Hill, Inc,
_c1993
300 _a224
520 _aThis book includes brief introductions to the major traditional areas of philosophy and companion anthologies of basic readings in each area. Preface, What is Morality?, The Challenge of Cultural Relativism, Subjectivism in Ethics, Does Morality Depend on Religion?, Psychological Egoism, Ethical Egoism, The Utilitarian Approach, The Debate Over Utilitarianism, Are These Absolute Moral Rules?, Kant and Respect for Persons, The Idea of a Social Contract, The Ethics of Virtue, What Would a Satisfactory Moral Theory be Like, Suggestions for Further Reading, Notes on Sources, Index.
700 1 _aRachels James
_96700
942 _cBK
999 _c5819
_d5819